[Event "Alushta4"]
[Site "Alushta"]
[Date "1994.??.??"]
[Round "4"]
[White "Malaniuk, Vladimir P"]
[Black "Nenashev, Alexander"]
[Result "1-0"]
[WhiteElo "2595"]
[BlackElo "2575"]

1.d4 Nf6 2.Nf3 d5 3.c4 c6 4.Nc3 dxc4 5.a4 Bf5 6.Ne5 Nbd7 7.Nxc4 Qc7 8.g3 e5
9.dxe5 Nxe5 10.Bf4 Nfd7 11.Nxe5 Nxe5 12.Qd4 Bd6 13.Rd1 O-O-O 14.Qxa7 Rhe8
15.Bg2 Nd3+ 16.Rxd3 Bxd3 17.Bh3+ f5 18.Be3 Bc2 19.O-O Qf7 20.Qa8+ Kc7 21.Qa5+ Kd7
22.Rc1 Re5 23.Qb6 Qb3 24.Rxc2 Qxc2 25.Qxb7+ Ke6 26.Qxg7 Qxb2 27.Bd4 Qc1+
28.Kg2 Bb8 29.e3 Rxd4 30.Ne2 Qc4 31.Nxd4+ Kd6 32.Qf6+ Kd5 33.Bxf5 Qxa4 34.Bd7 Kc5
35.Bxc6 Qc4 36.Qd8 Qb4 37.Bb5 Bd6 38.Qc8+ Kb6 39.Qc6+ Ka7 40.Qa6+  1-0

[Event "Andorra op"]
[Site "Andorra"]
[Date "1994.??.??"]
[Round "8"]
[White "Amura, Claudia Noemi"]
[Black "Kirov, Nino"]
[Result "1/2-1/2"]
[WhiteElo "2325"]
[BlackElo "2465"]

1.d4 d5 2.c4 c6 3.Nf3 Nf6 4.Nc3 dxc4 5.a4 Bf5 6.e3 e6 7.Bxc4 Bb4 8.O-O Nbd7
9.Qe2 Bg6 10.Ne5 Nxe5 11.dxe5 Nd7 12.f4 Nb6 13.Na2 Ba5 14.Rd1 Qh4 15.Bxe6 fxe6
16.b4 Bh5 17.Qe1 Qe7 18.Rd3 Bg6 19.e4 Rd8 20.Rxd8+ Qxd8 21.bxa5 Nc4 22.Be3 Bxe4
23.Bxa7 Qxa5 24.Qxa5 Nxa5 25.Nc3 Bd5  1/2-1/2

[Event "AUT-ch"]
[Site "Austria"]
[Date "1994.??.??"]
[Round "2"]
[White "Zoebisch, Herbert"]
[Black "Stanka, Wolfgang"]
[Result "1-0"]
[WhiteElo "2240"]
[BlackElo "2350"]

1.d4 c6 2.c4 d5 3.Nf3 Nf6 4.Nc3 dxc4 5.a4 Bf5 6.Ne5 e6 7.f3 Bb4 8.e4 Bxe4
9.fxe4 Nxe4 10.Bd2 Qxd4 11.Nxe4 Qxe4+ 12.Qe2 Bxd2+ 13.Kxd2 Qd5+ 14.Kc2 Na6
15.Nxc4 O-O 16.Qe5 f6 17.Qxd5 cxd5 18.Na5 Rac8+ 19.Kb3 Nc5+ 20.Ka3 b6 21.Nb3 Rfd8
22.Rd1 Ne4 23.Ba6 Rc7 24.Rhe1 Rdd7 25.Bb5 Re7 26.Nd4 Rc5 27.Rc1 Kf7 28.b4 Rxc1
29.Rxc1 Nd6 30.Be2 e5 31.Nc6 Re8 32.Nxa7 Ke6 33.Nb5 Nxb5+ 34.Bxb5 Rb8 35.Rc7 e4
36.Rxg7 Ke5 37.Re7+ Kd4 38.Bc6 Rg8 39.g3 e3 40.Bxd5 Kxd5 41.Rxe3 Rg7 42.Rf3 Ke5
43.Kb3 Rg4 44.Rf4 Rg6 45.Rh4 Rg7 46.Kc4 Kd6 47.Kb5 Kc7 48.Rh5 Kb7 49.h4 Re7
50.g4 Rg7 51.Rf5 Rxg4 52.Rxf6 Rxh4 53.Rxb6+ Ka7 54.Rd6 h5 55.Rd7+ Kb8 56.Rh7 Ka8
57.a5  1-0

[Event "AUT-chT2S 9394"]
[Site "AUT"]
[Date "1994.??.??"]
[Round "?"]
[White "Lazarev, Vladimir"]
[Black "Siklosi, Zoltan"]
[Result "1/2-1/2"]
[WhiteElo "2440"]
[BlackElo "2390"]

1.d4 d5 2.c4 c6 3.Nf3 Nf6 4.Nc3 dxc4 5.a4 Bf5 6.Ne5 e6 7.f3 Bb4 8.Nxc4 O-O
9.Bg5 h6 10.Bh4 c5 11.dxc5 Bxc5 12.e4 Bh7 13.Qxd8 Rxd8 14.e5 g5 15.Bf2 Bxf2+
16.Kxf2 Nfd7 17.h4 Bg6 18.hxg5 hxg5 19.g3 Nc6 20.f4 f6 21.exf6 gxf4 22.gxf4 Nxf6
23.Be2  1/2-1/2

[Event "Oberliga Bayern9394"]
[Site "Bayern"]
[Date "1994.??.??"]
[Round "?"]
[White "Haag, Wolfgang"]
[Black "Schmidt, Peter"]
[Result "1-0"]
[WhiteElo "2290"]
[BlackElo "2415"]

1.d4 Nf6 2.c4 c6 3.Nc3 d5 4.Nf3 dxc4 5.a4 Bf5 6.Nh4 e6 7.Nxf5 exf5 8.e3 Bb4
9.Bxc4 O-O 10.Qf3 Qa5 11.Bd2 Ne4 12.Nxe4 fxe4 13.Qd1 c5 14.d5 Nd7 15.b3 Nf6
16.Ra2 a6 17.O-O Rad8 18.Bxb4 Qxb4 19.Qd2 Qb6 20.Rd1 Qd6 21.h3 Rfe8 22.Qc3 Re5
23.Rad2 g5 24.Be2 h5 25.Rc1 Rc8 26.Rcd1 Kh7 27.a5 h4 28.b4 c4 29.Rd4 Nxd5
30.Qc1 c3 31.Bc4 Rxc4 32.Rxc4 Qe6 33.Rdd4 g4 34.hxg4 Qxg4 35.Qd1 Qe6 36.Rc5 Nf6
37.Rxc3 Rg5 38.Rc5 Rg6 39.Kf1 h3 40.gxh3 Qxh3+ 41.Ke2 Rg2 42.Qe1 Qf3+ 43.Kd2 Ng4
44.Kc3 Rxf2 45.Kb3 Rh2 46.Rc3 Rh1 47.Qd2 Rb1+ 48.Ka2 Rf1 49.Qc2 Nf2 50.Rd2 Qf6
51.Qb2 Ng4 52.Rg2 Qd6 53.Qb3 Ne5 54.Rcc2 Qd1 55.Rh2+ Kg6 56.Rcg2+ Kf5 57.Rf2+ Kg5
58.Rhg2+ Kh5 59.Qxd1+ Rxd1 60.Rf5+  1-0

[Event "Berliner Sommer"]
[Site "Berlin"]
[Date "1994.??.??"]
[Round "?"]
[White "Cooke, Eric"]
[Black "Zapolskis, Antanas"]
[Result "1-0"]
[WhiteElo "2175"]
[BlackElo "2375"]

1.d4 d5 2.c4 c6 3.Nc3 Nf6 4.Nf3 dxc4 5.a4 Bf5 6.Ne5 Na6 7.f3 Nd7 8.Nxc4 e5
9.dxe5 Qh4+ 10.g3 Qxc4 11.e4 Qc5 12.Bxa6 Bh3 13.Bf1 Bxf1 14.Kxf1 Nxe5 15.Qe2 Rd8
16.Kg2 Qc4 17.Qxc4 Nxc4 18.Rd1 Rxd1 19.Nxd1 Na5 20.Be3 Nb3 21.Rb1 b6 22.Nc3 Bb4
23.Ne2 Ke7 24.Nc1 Nd2 25.Bxd2 Bxd2 26.Nb3 Rd8 27.Rd1 Be3 28.Rxd8 Kxd8 29.f4 b5
30.axb5 cxb5 31.Kf3 Bb6 32.e5 f5 33.exf6 gxf6 34.Ke4 Kd7 35.g4 Kd6 36.h4 a5
37.Nd4 Kc5 38.g5 fxg5 39.hxg5 Kc4 40.Ne6 a4 41.f5 b4 42.g6 hxg6 43.fxg6 a3
44.b3+ Kxb3 45.g7 a2 46.g8=Q Kb2 47.Qg2+ Kb1 48.Qf1+ Kb2 49.Qe2+ Kb1 50.Qd1+ Kb2
51.Qd2+ Kb1 52.Qxb4+ Kc2 53.Qa3  1-0

[Event "Berliner Sommer"]
[Site "Berlin"]
[Date "1994.??.??"]
[Round "?"]
[White "Ingbrandt, Johan"]
[Black "Faust, Martin Michael"]
[Result "1-0"]
[WhiteElo "2350"]
[BlackElo "2140"]

1.d4 d5 2.c4 c6 3.Nf3 Nf6 4.Nc3 dxc4 5.a4 Bf5 6.e3 e6 7.Bxc4 Bb4 8.O-O Nbd7
9.Qb3 Qb6 10.e4 Bg4 11.Ne5 Nxe5 12.dxe5 Bxc3 13.Qxc3 Nxe4 14.Qc2 Bf5 15.Be3 Qa5
16.Bd3 Qxe5 17.Rfe1 Nd6 18.Rad1 O-O 19.Bxa7 Bxd3 20.Qxd3 Qa5 21.Qxd6 Rxa7
22.b3 Raa8 23.Qe7 b5 24.axb5 Qxb5 25.Re3 Qb6 26.h3 Rad8 27.Rc1 Rd5 28.Rf3 Rb5
29.Rcc3 c5 30.Rcd3 Qb8 31.Rxf7 Rxf7 32.Rd8+ Rf8  1-0

[Event "Biel op"]
[Site "Biel"]
[Date "1994.??.??"]
[Round "3"]
[White "Sakaev, Konstantin"]
[Black "Milov, Leonid"]
[Result "1/2-1/2"]
[WhiteElo "2555"]
[BlackElo "2520"]

1.d4 d5 2.c4 c6 3.Nf3 Nf6 4.Nc3 dxc4 5.a4 Bf5 6.e3 e6 7.Bxc4 Bb4 8.O-O O-O
9.Qe2 Bg6 10.Ne5 Nbd7 11.Nxg6 hxg6 12.Rd1 Qa5 13.Bd2 Rad8 14.Be1 Nb6 15.Bb3 c5
16.dxc5 Nbd7 17.c6 bxc6 18.e4 Nc5 19.Bc2 e5 20.Qc4 Ne6 21.Rxd8 Rxd8 22.Bb3 Qc5
23.Qxc5 Nxc5 24.Bc2 Ne6 25.Kf1 Nd4 26.Rc1 Rb8 27.Bd3 Nd7 28.f3 Nc5 29.Bc4 Kf8
30.Bg3 f6 31.Bf2 Ndb3 32.Bxb3 Nxb3 33.Rd1 Rb7 34.Rd8+ Ke7 35.Rg8 Ke6 36.Re8+ Be7
37.Ke1 a5 38.Ne2 Rb4 39.Kd1 Rxa4 40.Kc2 Nd4+ 41.Bxd4 exd4 42.Nf4+ Kf7 43.Rc8 g5
44.Nd3 c5 45.Kb3 Ra1 46.Kc4 Rd1 47.g3 Rd2 48.h4 gxh4 49.gxh4 a4 50.h5 Rh2
51.Rc7 Rxh5 52.Nf4 Re5 53.Ra7 g5 54.Nd3 Re6 55.Nxc5 Rc6 56.Kxd4 Rxc5 57.Rxe7+ Kxe7
58.Kxc5 Ke6 59.Kb4 Ke5 60.Kxa4 Kf4 61.b4 Kxf3 62.b5 g4 63.e5 fxe5  1/2-1/2

[Event "Schneider mem"]
[Site "Budapest"]
[Date "1994.??.??"]
[Round "?"]
[White "Vitaljic, Nebojsa"]
[Black "Videki, Sandor"]
[Result "0-1"]
[WhiteElo "2220"]
[BlackElo "2405"]

1.d4 d5 2.Nf3 Nf6 3.c4 c6 4.Nc3 dxc4 5.a4 Bf5 6.e3 e6 7.Bxc4 Bb4 8.O-O Nbd7
9.Qe2 Bg6 10.Rd1 O-O 11.Bd3 Bxd3 12.Qxd3 Rc8 13.e4 h6 14.e5 Nd5 15.Ne4 Be7
16.Bd2 c5 17.Rac1 cxd4 18.Rxc8 Qxc8 19.Rc1 Qb8 20.Qxd4 Rc8 21.Nc3 Nxc3 22.Rxc3 Rd8
23.Qe3 b6 24.Rc4 Bc5 25.Qe2 Nf8 26.b4 Be7 27.Nd4 Rd5 28.Nc6 Qc7 29.Nxe7+ Qxe7
30.h3 Qd7 31.Bc3 Qxa4 32.Rc8 Qd1+ 33.Qxd1 Rxd1+ 34.Kh2 Rc1 35.Kg3 Kh7 36.Rxf8 Rxc3+
37.f3 Kg6 38.Ra8 Ra3 39.b5 Ra5 40.f4 Kf5 41.Rf8 Kg6 42.Ra8 Ra3+ 43.Kf2 h5
44.h4 Ra5 45.g3 f6 46.exf6 gxf6 47.Rg8+ Kf5 48.g4+ hxg4 49.h5 Ra2+ 50.Kg1 Kxf4
51.h6 Kg3 52.Kf1 Ra1+ 53.Ke2 Rh1 54.Rg6 f5 55.Rxe6 f4 56.Rf6 f3+ 57.Ke3 Re1+
58.Kd4 Re7  0-1

[Event "Budapest FS09 GM"]
[Site "Budapest"]
[Date "1994.??.??"]
[Round "1"]
[White "Knuth, Hannes"]
[Black "Varga, Peter"]
[Result "0-1"]
[WhiteElo "2350"]
[BlackElo "2405"]

1.d4 d5 2.c4 c6 3.Nc3 Nf6 4.Nf3 dxc4 5.a4 Bf5 6.e3 e6 7.Bxc4 Bb4 8.O-O O-O
9.Qb3 Qe7 10.Nh4 Be4 11.Nxe4 Nxe4 12.Nf3 c5 13.Qc2 Nf6 14.e4 cxd4 15.e5 Nfd7
16.Qe4 Rc8 17.Bg5 Qe8 18.Bb5 Nc6 19.Nxd4 Bf8 20.Nxc6 bxc6 21.Bc4 a5 22.Rad1 Nb6
23.Bb3 h6 24.Bxh6 gxh6 25.Bc2 Bg7 26.Rd4 Kf8 27.Qh7 Bxe5 28.Re4 Bf6 29.Rfe1 Qe7
30.Bb3 Nd5 31.Qxh6+ Ke8 32.f4 Rab8 33.f5 Rxb3 34.fxe6 Kd8 35.exf7 Qxf7 36.Qd2 Qa7+
37.Kh1 Rxb2 38.Qh6 Qg7 39.Qh3 Kc7  0-1

[Event "Budapest FS05 IM"]
[Site "Budapest"]
[Date "1994.??.??"]
[Round "1"]
[White "Piven, Igor"]
[Black "Varga, Peter"]
[Result "0-1"]
[WhiteElo "2340"]
[BlackElo "2330"]

1.d4 d5 2.Nf3 Nf6 3.c4 c6 4.Nc3 dxc4 5.a4 Bf5 6.Nh4 e6 7.Nxf5 exf5 8.e3 Bb4
9.Bxc4 O-O 10.Qd3 g6 11.O-O Nbd7 12.f3 Qb6 13.Kh1 Rad8 14.Ba2 c5 15.d5 Ne5
16.Qc2 c4 17.e4 fxe4 18.fxe4 Rc8 19.Qe2 Rfe8 20.a5 Qa6 21.Bb1 Nfd7 22.Bc2 Rc5
23.Ba4 Rxa5 24.Bb5 Qd6 25.Rxa5 Bxa5 26.Bxc4 a6 27.Bb3 Qb4 28.Bc2 Qc4 29.Qe1 b5
30.Bb1 Rc8 31.Bd2 Qb3 32.Qc1 Nc4 33.Bh6 Qxb2 34.Qf4 Nce5 35.Ne2 Bb6 36.Ng3 a5
37.Qg5 f6 38.Qf4 a4 39.d6 a3 40.Nf5 gxf5 41.Qxf5 Kh8 42.Qe6 Rg8 43.g3 Ng4  0-1

[Event "Budapest Spring op"]
[Site "Budapest"]
[Date "1994.??.??"]
[Round "3"]
[White "Gladischev, Oleg"]
[Black "Videki, Sandor"]
[Result "1-0"]
[WhiteElo "2240"]
[BlackElo "2405"]

1.d4 d5 2.c4 c6 3.Nf3 Nf6 4.Nc3 dxc4 5.a4 Bf5 6.Ne5 e6 7.f3 Bb4 8.e4 Bxe4
9.fxe4 Nxe4 10.Bd2 Qxd4 11.Nxe4 Qxe4+ 12.Qe2 Qh4+ 13.g3 Bxd2+ 14.Kxd2 Qe7
15.Qe3 Na6 16.Bxc4 Nc7 17.Rad1 Nd5 18.Bxd5 cxd5 19.Nd3 O-O 20.Rc1 Rfe8 21.Rhe1 f6
22.Rc2 b6 23.Rec1 Rad8 24.Qf4 Rd7 25.Qb4 Qf7 26.Rc8 h6 27.R1c6 e5 28.Rxe8+ Qxe8
29.Qg4 Qe7 30.Qe6+ Qxe6 31.Rxe6 Kf7 32.Rc6 e4 33.Nb4 f5 34.Nc2 d4 35.Rc4 d3
36.Ne3 Ke6 37.b3 Ke5 38.Rc8 g6 39.Rg8 Kf6 40.Nc4 g5 41.Rf8+ Rf7 42.Rxf7+ Kxf7
43.g4 Kg6 44.Nd6 fxg4 45.Nc8 Kf5 46.Ke3 d2 47.Kxd2 Kf4 48.Ke2 g3 49.hxg3+ Kxg3
50.Nxa7 g4 51.Nb5 Kh3 52.Nc3 g3 53.Ke3  1-0

[Event "Budapest Spring op"]
[Site "Budapest"]
[Date "1994.??.??"]
[Round "3"]
[White "Mochalov, Evgeny V"]
[Black "Acs, Peter"]
[Result "1-0"]
[WhiteElo "2450"]
[BlackElo "2215"]

1.d4 d5 2.c4 c6 3.Nf3 Nf6 4.Nc3 dxc4 5.a4 Bf5 6.Ne5 e6 7.f3 Bb4 8.Bg5 c5
9.dxc5 Qa5 10.Nxc4 Bxc3+ 11.bxc3 Qxc3+ 12.Nd2 Bc2 13.Qc1 Nc6 14.Qa3 Qxa3
15.Rxa3 h6 16.Bxf6 gxf6 17.Nc4 Ke7 18.Kd2 Nb4 19.a5 Bg6 20.Rb3 Rhd8+ 21.Kc1 Rd1+
22.Kxd1 Bc2+ 23.Kd2 Bxb3 24.Kc3 Bxc4 25.Kxb4 Ba6 26.e3 Bxf1 27.Rxf1 Rd8 28.Kc4 Rd7
29.a6 bxa6 30.Ra1 Rd2 31.Rxa6 Rxg2 32.Rxa7+ Kd8 33.Rxf7 Rxh2 34.Rxf6 Kd7
35.Rf7+ Kc6 36.Re7 Rc2+ 37.Kd4 Rd2+ 38.Ke4 Kxc5 39.Rxe6 Rh2 40.f4 h5 41.Rh6 h4
42.f5 h3 43.Ke5 Kc4 44.f6 Kd3 45.e4  1-0

[Event "Budapest Statistika"]
[Site "Budapest"]
[Date "1994.??.??"]
[Round "3"]
[White "Izsak, Gyula"]
[Black "Varga, Peter"]
[Result "1/2-1/2"]
[WhiteElo "2365"]
[BlackElo "2330"]

1.d4 d5 2.c4 c6 3.Nf3 Nf6 4.Nc3 dxc4 5.a4 Bf5 6.e3 e6 7.Bxc4 Bb4 8.O-O O-O
9.Qe2 Bg4 10.Rd1 Nbd7 11.h3 Bxf3 12.Qxf3 Rc8 13.e4 e5 14.Bg5 Qa5  1/2-1/2

[Event "Budapest FS10 GM"]
[Site "Budapest"]
[Date "1994.??.??"]
[Round "5"]
[White "Sidorov, Anatoly"]
[Black "Varga, Peter"]
[Result "0-1"]
[WhiteElo "2365"]
[BlackElo "2405"]

1.d4 d5 2.c4 c6 3.Nc3 Nf6 4.Nf3 dxc4 5.a4 Bf5 6.Ne5 e6 7.e3 Nbd7 8.Nxc4 Bb4
9.a5 O-O 10.Bd2 b5 11.axb6 axb6 12.Be2 b5 13.Na3 Qe7 14.O-O Bxc3  0-1

[Event "Budapest FS09 GM"]
[Site "Budapest"]
[Date "1994.??.??"]
[Round "6"]
[White "Dao Thien Hai"]
[Black "Varga, Peter"]
[Result "1-0"]
[WhiteElo "2475"]
[BlackElo "2405"]

1.d4 d5 2.c4 c6 3.Nf3 Nf6 4.Nc3 dxc4 5.a4 Bf5 6.e3 e6 7.Bxc4 Bb4 8.O-O O-O
9.Qe2 Bg4 10.Rd1 Nbd7 11.h3 Bxf3 12.Qxf3 Rc8 13.e4 e5 14.Bg5 exd4 15.Rxd4 Qe7
16.Qg3 Ne5 17.Bb3 Bc5 18.Rd2 Kh8 19.Rad1 Ng6 20.Qf3 Rcd8 21.Qf5 Rxd2 22.Rxd2 Bd6
23.g3 Be5 24.Na2 Bd6 25.Re2 h6 26.Bxf6 gxf6 27.Nc3 Kg7 28.h4 Qe5 29.Qf3 Rd8
30.Qg4 Kf8 31.Rd2 Bc7 32.Rxd8+ Bxd8 33.Kg2 Ne7 34.Qe2 Qc5 35.Qd2 Ke8 36.Qxh6 Qb4
37.Qh8+ Kd7 38.Bxf7 Qxb2 39.Qe8+ Kc7 40.Be6 Qb6 41.h5 Qd4 42.h6  1-0

[Event "Budapest FS02 IM-B"]
[Site "Budapest"]
[Date "1994.??.??"]
[Round "6"]
[White "Krizsany, Laszlo"]
[Black "Olbrich, Marina"]
[Result "1/2-1/2"]
[WhiteElo "2385"]
[BlackElo "2290"]

1.d4 d5 2.c4 c6 3.Nc3 Nf6 4.Nf3 dxc4 5.a4 Bf5 6.Nh4 e6 7.f3 Bb4 8.g3 c5 9.dxc5 Nc6
10.Bf4 Qa5 11.e4 Rd8 12.Qc1 Bxe4 13.fxe4 Nxe4 14.Bg2 Nxc3 15.bxc3 Bxc3+ 16.Kf1 Bxa1
17.Bxc6+ bxc6 18.Qxa1 O-O 19.Bd6 Rxd6 20.cxd6 Qd5 21.Kf2 Qxd6 22.Rd1 Qb4
23.Nf3 Rb8 24.Qd4 h6 25.Ne5 Qxa4 26.Rd2 Qb5 27.Nxc4 Qf5+ 28.Qf4 Qc5+ 29.Ne3 Rb7
30.Qe4 Qa5 31.Nc4 Qc5+ 32.Kg2 g6 33.Qf4 Kg7 34.Nd6 Re7 35.g4 g5 36.Qe4 Qc3
37.Rc2 Qf6 38.Rf2 Qg6 39.Qxc6 h5 40.gxh5 Qxh5 41.Qc3+ Kh7 42.h3 g4 43.Qd3+ f5
44.hxg4 Rg7 45.Kf1 Qh1+ 46.Ke2 Rxg4 47.Qe3 Qh5 48.Kd3 Ra4 49.Nc4 Qd1+ 50.Qd2 Qxd2+
51.Rxd2 Kg6 52.Rb2 Ra1 53.Rb8 Rd1+ 54.Ke3 Re1+ 55.Kd3 e5 56.Ra8 e4+ 57.Kd2 Ra1
58.Ke3 Ra4 59.Nd2 Ra3+ 60.Kf4 e3 61.Nf3 e2 62.Re8 Ra4+ 63.Ke3 Kf7 64.Re5 Kf6
65.Re8 Ra2 66.Kf2 a5 67.Rxe2 Ra4 68.Rb2 Ke6 69.Rb5 f4 70.Nd2 Ra2 71.Kf3 Rxd2
72.Rxa5  1/2-1/2

[Event "Budapest FS07 IM"]
[Site "Budapest"]
[Date "1994.??.??"]
[Round "6"]
[White "Orso, Miklos"]
[Black "Spielmann, Alain"]
[Result "1-0"]
[WhiteElo "2345"]
[BlackElo "2295"]

1.d4 d5 2.Nf3 Nf6 3.c4 c6 4.Nc3 dxc4 5.a4 Bf5 6.e3 e6 7.Bxc4 Bb4 8.O-O Nbd7
9.Qe2 Bg6 10.Na2 Be7 11.b4 O-O 12.Rd1 Qc7 13.Bb2 Bh5 14.h3 Bxf3 15.Qxf3 e5
16.Qe2 e4 17.Rac1 Qd6 18.Qc2 Nb6 19.Bf1 Nbd5 20.b5 Rac8 21.Qb1 Bd8 22.bxc6 Rxc6
23.Rxc6 bxc6 24.Qc1 Be7 25.Rd2 h5 26.Rc2 Rc8 27.Nc3 Rc7 28.a5 h4 29.Na4 Qe6
30.Ba3 Bd8 31.Rb2 g5 32.Rb8 Rc8 33.Rxc8 Qxc8 34.a6 Qc7 35.Nc5 Be7 36.Nb7 g4
37.Bxe7 Nxe7 38.Qc5 gxh3 39.Qg5+ Ng6 40.Qxf6 h2+ 41.Kh1 Qb6 42.Qd8+  1-0

[Event "Budapest FS06 GM"]
[Site "Budapest"]
[Date "1994.??.??"]
[Round "7"]
[White "Nikolaidis, Ioannis"]
[Black "Almasi, Istvan"]
[Result "1-0"]
[WhiteElo "2410"]
[BlackElo "2370"]

1.d4 d5 2.c4 c6 3.Nf3 Nf6 4.Nc3 dxc4 5.a4 Bf5 6.e3 e6 7.Bxc4 Bb4 8.O-O O-O
9.Nh4 Bg4 10.f3 Bh5 11.g4 Nd5 12.Qe1 Be7 13.Ng2 Bg6 14.Qf2 Nd7 15.e4 N5b6
16.Ba2 e5 17.Be3 exd4 18.Bxd4 Qc7 19.f4 h6 20.Nh4 Bh7 21.a5 Nc8 22.Nf5 Bxf5
23.gxf5 Nd6 24.Qg2 Ne8 25.Kh1 Kh8 26.Qh3 Ndf6 27.e5 Ng8 28.Rg1 c5 29.Nd5 Qc6
30.Be3 c4 31.Rad1 Bc5 32.f6 Bxe3 33.Qxe3 gxf6 34.Bb1 Ng7 35.Rxg7 Kxg7 36.Qe4 Rfe8
37.Rg1+ Kf8 38.Rxg8+ Kxg8 39.Qh7+  1-0

[Event "Budapest FS10 GM"]
[Site "Budapest"]
[Date "1994.??.??"]
[Round "7"]
[White "Lukacs, Peter"]
[Black "Varga, Peter"]
[Result "1/2-1/2"]
[WhiteElo "2490"]
[BlackElo "2405"]

1.d4 d5 2.c4 c6 3.Nf3 Nf6 4.Nc3 dxc4 5.a4 Bf5 6.e3 e6 7.Bxc4 Bb4 8.O-O O-O
9.Qe2 Bg4 10.Rd1 Nbd7 11.e4 Qc7 12.e5 Nd5 13.Bd2 Bxc3 14.bxc3 f6 15.Bd3 fxe5
16.Bxh7+ Kh8 17.Be4 exd4 18.cxd4 N7f6 19.Bc2 Nh5  1/2-1/2

[Event "Papp Bela mem"]
[Site "Budapest"]
[Date "1994.??.??"]
[Round "7"]
[White "Dudas, Janos"]
[Black "Varga, Peter"]
[Result "1/2-1/2"]
[WhiteElo "2310"]
[BlackElo "2330"]

1.d4 d5 2.c4 c6 3.Nf3 Nf6 4.Nc3 dxc4 5.a4 Bf5 6.e3 e6 7.Bxc4 Bb4 8.O-O O-O
9.Qe2 Bg4 10.h3 Bxf3 11.Qxf3 Nbd7 12.Rd1 Qc7 13.e4 e5 14.d5 cxd5 15.Bxd5 Bxc3
16.Qxc3 Qxc3 17.bxc3 Nc5 18.Ba3 Rfc8 19.Bxc5 Rxc5 20.Bxb7 Rb8 21.a5 Rxc3
22.a6 Kf8 23.Ra5 Re8 24.Rb5 Rc7 25.Rd6 Ke7 26.Rc6 Rxc6 27.Bxc6 Rc8 28.Rb7+ Kd6
29.Bd5 Rc7 30.Rb5 Rc5 31.Rb7 Rc7 32.Rb5 Rc1+ 33.Kh2 Rc5 34.Rb4 Nxd5 35.exd5 f5
36.g4 g6 37.Rb7 Rc7 38.Rb5 Rc2 39.gxf5 gxf5 40.Kg3 Ra2 41.Rb7 Rxa6 42.Rxh7 Kxd5
43.h4 Ra3+ 44.Kg2 Ke6 45.h5 Kf6 46.h6 Kg6 47.Rh8 e4 48.h7 Ra5 49.Kg3 Kg7
50.Rf8 Kxh7 51.Kf4 Kg6 52.Rc8 Kf6 53.Rc6+ Ke7 54.Rh6 Kd7 55.Rf6 Ra2 56.Rxf5  1/2-1/2

[Event "Budapest Spring op"]
[Site "Budapest"]
[Date "1994.??.??"]
[Round "8"]
[White "Blasovszky, Istvan"]
[Black "Kurth, Justus"]
[Result "0-1"]
[WhiteElo "2220"]
[BlackElo "2305"]

1.d4 d5 2.Nf3 Nf6 3.c4 c6 4.Nc3 dxc4 5.a4 Bf5 6.Ne5 c5 7.e4 Nxe4 8.Bxc4 e6
9.Bb5+ Ke7 10.Qh5 Qxd4 11.Qxf7+ Kd8 12.Qe8+ Kc7 13.Nd3 Nxc3 14.Bf4+ Bd6 15.Bxd6+ Qxd6
16.Qxh8 Nxb5 17.O-O Nd4 18.Qxg7+ Nd7 19.Ne1 Rd8 20.Kh1 Kb8 21.Qg3 Qxg3 22.hxg3 Ne5
23.Ra3 Nc4 24.g4 Bxg4 25.Rg3 Rd5 26.Nf3 Bxf3 27.gxf3 Nxb2 28.Rg8+ Kc7 29.Rg7+ Rd7
30.Rg5 Nxa4 31.f4 b5 32.Kg2 c4 33.Re5 c3 34.Rb1 c2 35.Rc1 Rd6 36.Rh5 Kb6
37.Rxh7 b4 38.Ra1 b3 39.Rxa4 c1=Q 40.Rhxa7 Qc6+  0-1

[Event "Budapest FS03 GM"]
[Site "Budapest"]
[Date "1994.??.??"]
[Round "8"]
[White "Dao Thien Hai"]
[Black "Silman, Jeremy D"]
[Result "1/2-1/2"]
[WhiteElo "2495"]
[BlackElo "2405"]

1.d4 d5 2.c4 c6 3.Nf3 Nf6 4.Nc3 dxc4 5.a4 Bf5 6.e3 e6 7.Bxc4 Bb4 8.O-O Nbd7
9.Qb3 a5 10.Na2 Be7 11.Nh4 Be4 12.Nc3 Bd5 13.Bxd5 Nxd5 14.Nf3 Qb6  1/2-1/2

[Event "Budapest FS06 IM-A"]
[Site "Budapest"]
[Date "1994.??.??"]
[Round "9"]
[White "Kabatianski, Alexandr"]
[Black "Lieb, Harald"]
[Result "1/2-1/2"]
[WhiteElo "2365"]
[BlackElo "2275"]

1.d4 d5 2.c4 c6 3.Nf3 Nf6 4.Nc3 dxc4 5.a4 Bf5 6.e3 e6 7.Bxc4 Bb4 8.O-O Nbd7
9.Nh4 Bg4 10.f3 Bh5 11.g4 Bg6 12.Ng2 e5 13.f4 exf4 14.exf4 Bxc3 15.bxc3 Be4
16.Ba3 Nb6 17.Bb3 Qd7 18.Ne3  1/2-1/2

[Event "Budapest Statistika"]
[Site "Budapest"]
[Date "1994.??.??"]
[Round "9"]
[White "Koerholz, Ludger"]
[Black "Varga, Peter"]
[Result "1/2-1/2"]
[WhiteElo "2310"]
[BlackElo "2330"]

1.d4 d5 2.c4 c6 3.Nf3 Nf6 4.Nc3 dxc4 5.a4 Bf5 6.Ne5 e6 7.g3 Bb4 8.Bg2 Be4
9.f3 Bg6 10.e4 c5 11.Be3 cxd4 12.Qxd4 Qxd4 13.Bxd4 Nbd7 14.Nxc4 O-O 15.Kf2 Rfc8
16.Bf1 Nc5 17.Na2 Nb3 18.Rd1 Nxd4 19.Nxb4 Nxf3 20.e5 Rxc4 21.Bxc4 Nxe5 22.Be2 a5
23.Nd3 Neg4+ 24.Bxg4 Nxg4+ 25.Ke2 Be4 26.Rhf1 Nxh2 27.Rf4 Bd5 28.Ne5 f6 29.Rh4 fxe5
30.Rxh2 Rc8 31.Ke3 Rc4 32.Rh4 Rc2 33.Rd2 Rc1 34.Rh5 e4 35.Rhxd5 exd5 36.Rxd5 b6
37.Rb5 Rc4 38.Rxb6 Rxa4 39.Rb8+ Kf7 40.Rb7+ Kg6 41.Ra7 h5 42.Kf4 Kh6 43.Ra8 Rb4
44.Rxa5 Rxb2 45.Ra6+ g6 46.Kxe4 Rf2 47.Ke3 Rf5 48.Ke2 Kg7 49.Rb6 Rf6 50.Rb7+ Kh6
51.Rb5 g5 52.Rc5 Kg6 53.Ra5 g4 54.Rb5 Rf5 55.Rb8 Ra5 56.Kf2 Ra2+ 57.Kg1 Kf5
58.Rb5+ Ke4 59.Rb4+ Kf3 60.Rb3+ Ke2 61.Rb5 h4 62.gxh4 Kf3 63.Rb3+ Kf4 64.h5 Kg5
65.Rb5+ Kh4 66.h6 Ra7 67.Kg2 Rh7 68.Rb6 Kg5 69.Kg3 Rxh6 70.Rb5+ Kg6 71.Kxg4  1/2-1/2

[Event "Buenos Aires PRENAJ"]
[Site "Buenos Aires"]
[Date "1994.??.??"]
[Round "2"]
[White "Giardelli, Sergio C"]
[Black "Fraschini, Mariano"]
[Result "1-0"]
[WhiteElo "2475"]
[BlackElo "2385"]

1.d4 d5 2.c4 c6 3.Nc3 Nf6 4.Nf3 dxc4 5.a4 Bf5 6.Ne5 e6 7.f3 Bb4 8.Bg5 c5
9.dxc5 Qxd1+ 10.Kxd1 Nc6 11.Nxc6 bxc6 12.e4 Bg6 13.Bxc4 Nd7 14.Be3 Ke7 15.Ke2 Bxc5
16.Bxc5+ Nxc5 17.b4 Nd7 18.Ke3 f6 19.Rhc1 Rhd8 20.Be2 Be8 21.Na2 Nb6 22.b5 cxb5
23.axb5 Rdc8 24.Nb4 Rxc1 25.Rxc1 Rc8 26.Ra1 Rc7 27.f4 Bd7 28.g4 Nc8 29.e5 fxe5
30.fxe5 Rc3+ 31.Kd4 Rb3 32.Nc6+ Kf8 33.Bc4 Rb2 34.Nxa7 Nb6 35.Bd3 Rxh2 36.Kc5 Nd5
37.Nc6 Rd2 38.Bxh7 g5 39.Ra8+ Kg7 40.Ra7 Nc3 41.Nb8 Rd5+ 42.Kc4  1-0

[Event "Buenos Aires GP1"]
[Site "Buenos Aires"]
[Date "1994.??.??"]
[Round "4"]
[White "Nedilsky, Diego"]
[Black "Roman, Facundo"]
[Result "0-1"]
[WhiteElo "2225"]
[BlackElo "2310"]

1.d4 d5 2.Nf3 c6 3.c4 Nf6 4.Nc3 dxc4 5.a4 Bf5 6.e3 e6 7.Bxc4 Bb4 8.O-O Nbd7
9.Nh4 Bg6 10.f3 Nd5 11.Nxg6 hxg6 12.Qc2 Qh4 13.g3 Qh5 14.Nxd5 exd5 15.Bd3 O-O
16.e4 dxe4 17.fxe4 Rad8 18.Qb3 Ba5 19.Bc4 Nf6 20.e5 Nd5 21.Bxd5 Rxd5 22.Qxb7 Rxd4
23.Qxa7  0-1

[Event "ARG-World"]
[Site "Buenos Aires"]
[Date "1994.??.??"]
[Round "7"]
[White "Sorokin, Maxim"]
[Black "Campora, Daniel H"]
[Result "1/2-1/2"]
[WhiteElo "2520"]
[BlackElo "2535"]

1.Nf3 d5 2.d4 Nf6 3.c4 c6 4.Nc3 dxc4 5.a4 Bf5 6.e3 e6 7.a5 Bb4 8.Qa4 Qe7
9.Bxc4 O-O 10.Bd2 Nbd7 11.O-O Bd6 12.Qb3 Rab8 13.h3 Ne4 14.Nxe4 Bxe4 15.Be2 e5
16.Rfd1 Bd5 17.Qc2 e4 18.Nh2 Qe6 19.Rdc1 c5 20.Bc4 cxd4 21.exd4 Nf6 22.Nf1 Rfc8
23.Bxd5 Nxd5 24.Qb3 Re8 25.Ne3 Nf4 26.Qxe6 Rxe6 27.Rc4 Rd8 28.d5 Ree8 29.Raa4 Be5
30.Rxe4 Nxd5 31.Nxd5 Rxd5 32.Bf4 Rd1+ 33.Kh2 Bxf4+ 34.Rxf4 f6 35.Rab4 Re7
36.Rfe4 Rxe4 37.Rxe4 Kf7 38.Rb4 Rd7 39.Kg3 Ke6 40.Rb5 Kd6 41.b4 Rc7 42.f3 g6
43.h4 Kc6  1/2-1/2

[Event "ESP-chT"]
[Site "Cala Galdana"]
[Date "1994.??.??"]
[Round "?"]
[White "Estremera Panos, Sergio"]
[Black "Iruzubieta, Jesus Maria"]
[Result "1/2-1/2"]
[WhiteElo "2345"]
[BlackElo "2340"]

1.d4 d5 2.c4 c6 3.Nc3 Nf6 4.Nf3 dxc4 5.a4 Bf5 6.e3 e6 7.Bxc4 Bb4 8.O-O O-O
9.Qe2 Nbd7 10.e4 Bg6 11.Bd3 Bh5 12.e5 Nd5 13.Nxd5 cxd5 14.Qe3 Bg6 15.Ng5 Re8
16.Bxg6 fxg6 17.Qh3 Nf8 18.Qb3 a5 19.Be3 Qd7 20.Rfc1 Rec8 21.Rxc8 Rxc8 22.Rc1  1/2-1/2

[Event "Calcutta op2"]
[Site "Calcutta"]
[Date "1994.??.??"]
[Round "?"]
[White "Ravi, Lanka"]
[Black "Joshi, G B."]
[Result "1-0"]
[WhiteElo "2425"]
[BlackElo "2205"]

1.d4 d5 2.c4 c6 3.Nf3 Nf6 4.Nc3 dxc4 5.a4 Bf5 6.e3 e6 7.Bxc4 Bb4 8.O-O O-O
9.Qe2 Bg6 10.Ne5 Nbd7 11.Nxg6 hxg6 12.Rd1 Qe7 13.e4 e5 14.d5 Nb6 15.Bb3 cxd5
16.exd5 Rfd8 17.Bg5 Nc8 18.d6 Bxd6 19.Nd5 Qf8 20.Nxf6+ gxf6 21.Bxf6 Be7 22.Bxe5 Nd6
23.Qg4 Qh6 24.Rd3 Nf5 25.Rh3 Bh4 26.g3 Rac8 27.gxh4 Rc1+ 28.Rxc1 Qxc1+ 29.Kg2 Qc6+
30.Qf3 Qc5 31.Qc3 Qe7 32.Bf6 Qe4+ 33.Qf3 Ne3+ 34.fxe3 Rd2+ 35.Kg3 Qd3 36.Bc3 Qd6+
37.Qf4  1-0

[Event "Calcutta op"]
[Site "Calcutta"]
[Date "1994.??.??"]
[Round "1"]
[White "Ravi, Lanka"]
[Black "Gupta, Radhey S"]
[Result "1-0"]
[WhiteElo "2425"]
[BlackElo "2235"]

1.d4 d5 2.c4 c6 3.Nf3 Nf6 4.Nc3 dxc4 5.a4 Bf5 6.e3 e6 7.Bxc4 Bb4 8.O-O Nbd7
9.Qe2 Bg6 10.e4 Bxc3 11.bxc3 Nxe4 12.Ba3 Nb6 13.Bb3 Nxc3 14.Qb2 Ncd5 15.a5 Nd7
16.Bxd5 cxd5 17.Rfc1 Bd3 18.Qxb7 Bc4 19.Nd2 Rb8 20.Qxa7 Qc8 21.Rxc4 dxc4
22.Ne4 Qc6 23.Nd6+ Ke7 24.d5 Qxd5 25.Qc7 Rb3 26.Nxc4+ Kf6 27.h4 Rhb8 28.Re1 Rb1
29.Bc1 g6 30.a6 Kg7 31.a7 Ra8 32.Bh6+ Kxh6 33.Rxb1 Qe4 34.Rd1 Nf6 35.Nb6 Nd5
36.Rxd5 exd5 37.Nxa8 Kg7 38.Qa5 Kh6  1-0